| 000 | 00623 a2200205 4500 | ||
|---|---|---|---|
| 001 | 133235 | ||
| 020 | _a85-322-4604-4 | ||
| 040 | _cLeonardo Da Vinci | ||
| 041 | _aPortuguês | ||
| 082 |
_aJ L419me _bL419me |
||
| 100 | _aLAURITO, Ilka Brunhilde | ||
| 245 | _aA menina que descobriu o Brasil | ||
| 260 |
_bFTD _c2001 _aSão Paulo |
||
| 300 | _a166 | ||
| 362 | _a20010000 | ||
| 490 | _aEspelhos | ||
| 500 |
_aPatricia Lima (Ilustração) _aRecebeu Prêmio Alejandro Cabassa / UBE-RJ 1995 |
||
| 697 |
_aLiteratura juvenil _aLiteratura infanto-juvenil _aBrasil _aAventura _aFamília _aImigração _aCostumes |
||
| 942 | _cBK | ||
| 999 |
_c133235 _d133235 |
||